The interpersonal communication book/ (Record no. 32532)

000 -LEADER
fixed length control field 00718nam a2200193 4500
008 - FIXED-LENGTH DATA ELEMENTS--GENERAL INFORMATION
fixed length control field 260619b |||||||| |||| 00| 0 eng d
020 ## - INTERNATIONAL STANDARD BOOK NUMBER
International Standard Book Number 9781292439556
050 ## - LIBRARY OF CONGRESS CALL NUMBER
Classification number P94.7
Item number .D48 2022
100 ## - MAIN ENTRY--PERSONAL NAME
Personal name DeVito, Joseph A.
245 ## - TITLE STATEMENT
Title The interpersonal communication book/
Statement of responsibility, etc. Joseph A. DeVito.
250 ## - EDITION STATEMENT
Edition statement 16th edition
Remainder of edition statement Global Edition
260 ## - PUBLICATION, DISTRIBUTION, ETC. (IMPRINT)
Place of publication, distribution, etc. Harlow, England :
Name of publisher, distributor, etc. Pearson Education Limited,
Date of publication, distribution, etc. 2023
300 ## - PHYSICAL DESCRIPTION
Extent 430 pages :
Other physical details illustrations (chiefly color) ;
Dimensions 28 cm.
504 ## - BIBLIOGRAPHY, ETC. NOTE
Bibliography, etc Includes bibliographical references and index.
650 ## - SUBJECT ADDED ENTRY--TOPICAL TERM
Topical term or geographic name as entry element Communication.
650 ## - SUBJECT ADDED ENTRY--TOPICAL TERM
Topical term or geographic name as entry element Interpersonal communication.
650 ## - SUBJECT ADDED ENTRY--TOPICAL TERM
Topical term or geographic name as entry element Nonverbal communication.
General subdivision Listening.
942 ## - ADDED ENTRY ELEMENTS (KOHA)
Source of classification or shelving scheme
Koha item type Hard Covered Materials
Classification part P94.7 .D48 2022
Holdings
Withdrawn status Lost status Source of classification or shelving scheme Damaged status Not for loan Home library Current library Shelving location Date acquired Source of acquisition Cost, normal purchase price Total Checkouts Full call number Barcode Date last seen Price effective from Koha item type
          MACHAKOS UNIVERSITY LIBRARY MACHAKOS UNIVERSITY LIBRARY Open shelf 12/06/2026 KNTCC 13783.84   P94.7 .D48 2022 40642 19/06/2026 19/06/2026 Hard Covered Materials
          MACHAKOS UNIVERSITY LIBRARY MACHAKOS UNIVERSITY LIBRARY Open shelf 12/06/2026 KNTCC 13783.84   P94.7 .D48 2022 40643 19/06/2026 19/06/2026 Hard Covered Materials
          MACHAKOS UNIVERSITY LIBRARY MACHAKOS UNIVERSITY LIBRARY Open shelf 12/06/2026 KNTCC 13783.84   P94.7 .D48 2022 40644 19/06/2026 19/06/2026 Hard Covered Materials
© Machakos University Library, Along The Highway, Machakos Wote Rd, Machakos, Kenya P.O. Box 136 - 90100 Machakos - Kenya

Tel: ( +254 ) 723 805829 OR Fax : 044-20353 OR Email: library@mksu.ac.ke